Likvidácia obchodnej spoločnosti v podmienkach Slovenskej republiky
Priblíženie platnej právnej úpravy likvidácie obchodnej spoločnosti v Slovenskej republike a schválené zmeny tejto právnej úpravy od roku 2020. Vzťah medzi likvidáciou a konkurzným konaním. Postup pri likvidácií a likvidátor spoločnosti. Dodatočná likvidácia.
Salvato in:
| Autore principale: | |
|---|---|
| Natura: | Capitolo di libro |
| Lingua: | slovacco |
| Soggetti: | |
| Tags: |
Nessun Tag, puoi essere il primo ad aggiungerne!!
|
MARC
| LEADER | 00000naa$a2200000$$$4500 | ||
|---|---|---|---|
| 001 | 0263481 | ||
| 005 | 20240502083757.6 | ||
| 041 | 0 | |a slo | |
| 044 | |a CZ | ||
| 245 | 1 | 0 | |a Likvidácia obchodnej spoločnosti v podmienkach Slovenskej republiky |c Mária Veterníková |
| 520 | |a Priblíženie platnej právnej úpravy likvidácie obchodnej spoločnosti v Slovenskej republike a schválené zmeny tejto právnej úpravy od roku 2020. Vzťah medzi likvidáciou a konkurzným konaním. Postup pri likvidácií a likvidátor spoločnosti. Dodatočná likvidácia. | ||
| 610 | 2 | 0 | |a likvidácia |
| 610 | 2 | 0 | |a likvidátori |
| 610 | 2 | 0 | |a spoločnosti obchodné |
| 610 | 2 | 0 | |a konkurzy |
| 610 | 2 | 0 | |a konanie konkurzné |
| 610 | 2 | 0 | |a zrušenie podniku |
| 610 | 2 | 0 | |a úpravy právne |
| 610 | 2 | 0 | |a zákonník obchodný |
| 610 | 2 | 0 | |a register obchodný |
| 610 | 2 | 0 | |a zákony |
| 610 | 2 | 0 | |a právo obchodné |
| 100 | 1 | |a Veterníková, Mária, 1964- | |